Online Catalogue and eLibrary

Al nakka-maha nespaththiya : (Record no. 5056)

MARC details
000 -LEADER
fixed length control field 00426nam a2200157Ia 4500
005 - DATE AND TIME OF LATEST TRANSACTION
control field 20250612013150.0
008 - FIXED-LENGTH DATA ELEMENTS--GENERAL INFORMATION
fixed length control field 240331s9999 xx 000 0 und d
020 ## - INTERNATIONAL STANDARD BOOK NUMBER
ISBN 9559567519
082 ## - DDC Classification
Item Number - Author Mark HAT
Class No. 322
100 ## - MAIN ENTRY--PERSONAL NAME
Personal name Haththaka,M
245 #0 - TITLE STATEMENT
Title Al nakka-maha nespaththiya :
Remainder of title Palasteena Isral getuma
260 ## - PUBLICATION, DISTRIBUTION, ETC.
Place of publication, distribution, etc. Nugegoda
Name of publisher, distributor, etc. Sarasavi book shop
Date of publication, distribution, etc. 2004
300 ## - PHYSICAL DESCRIPTION
Extent (e.g. Volumes, Pages etc.) 499 p .,
500 ## - GENERAL NOTE
General note A book of Palastine- isral war
942 ## - Koha item type (Biblio)
Koha item type Books in Stacks (Lending)
Holdings
Lost status Damaged status Collection code Home library Current library Shelving location Date acquired Full call number Accession Number Item type
    Lending WERC Library WERC Library Social Science Cupboard 03/31/2024 322.42 HAT 6040 Books in Stacks (Lending)

© WERC Library